| 000 | 00793nam a2200217Ii 4500 | ||
|---|---|---|---|
| 003 | JO-AjNU | ||
| 008 | 230605s9999||||xx |||||||||||||| ||und|| | ||
| 040 |
_aJO-AjNU _bara _erda _cJO-AjNU |
||
| 041 | _aara | ||
| 050 | 1 | 4 | _aBM157.J3394.1989 |
| 100 | 3 |
_aحسن،جعفر هادي, _eauthor _915455 |
|
| 245 | 0 | 0 | _aفرقة القرائين اليهود:دراسة في نشأة الفرقة وعقائدها وتأريخها الى العصر الحاضر |
| 250 | _aط1 | ||
| 264 | 3 | 1 | _aبيروت-لندن:مؤسسة الفجر ، 1989 |
| 300 | _a149ص | ||
| 336 |
_atext _btxt _2rdacontent |
||
| 337 |
_aunmediated _bn _2rdamedia |
||
| 338 |
_avolume _bnc _2rdacarrier |
||
| 490 | 0 | _aدراسات في العقائد والاديان | |
| 650 | 4 |
_aالقراؤون-اليهودية _915456 |
|
| 999 |
_aA4369 _c7937 _d7937 |
||